Donald Holden (Record no. 11026)

MARC details
000 - LÍDER
campo de control de longitud fija 00953nam a2200241Ia 4500
008 - ELEMENTOS DE DATOS DE LONGITUD FIJA - INFORMACIÓN GENERAL
campo de control de longitud fija 0000002004 usad 0000000000eng00
090 ## - NÚMERO DE LLAMADA DE TIPO LC LOCALMENTE ASIGNADO (OCLC)
Número de clasificación (OCLC) (R) PUS00 H64d
100 1# - ENTRADA PRINCIPAL - NOMBRE PERSONAL
Nombre de la persona Holden, Donald
Fechas asociadas a un nombre 1931
245 10 - TÍTULO DECLARACIÓN
Título Donald Holden
Resto del título : watercolors
Declaración de responsabilidad / text by Donald Holden ; introduction by Richard Boyle
260 ## - PUBLICACIÓN, DISTRIBUCIÓN
Lugar de publicación [New York] : Ruder Finn
Fecha de publicación 2004
300 ## - DESCRIPCIÓN FÍSICA
Alcance 42 p.
Dimensiones / 28 cm.
500 ## - NOTA GENERAL
Nota general Incluye datos biográficos del artista \ Registro auspiciado por la FGAA. Bogotá
501 ## - Con nota
Con nota Emotion recollected in tranquility / Richard Boyle Painting form nature : in the studio / Donald Holden
600 00 - ENTRADA DE SUJETO AÑADIDO - NOMBRE PERSONAL
Nombre de la persona HOLDEN, DONALD, 1931/
Subdivisión general TRABAJOS PICTORICOS
650 14 - ENTRADA DE SUJETO AÑADIDO - TÉRMINO TÓPICO
Término tópico o elemento de entrada del nombre geográfico ACUARELA
650 14 - ENTRADA DE SUJETO AÑADIDO - TÉRMINO TÓPICO
Término tópico o elemento de entrada del nombre geográfico ARTE CONTEMPORANEO ESTADOUNIDENSE
650 14 - ENTRADA DE SUJETO AÑADIDO - TÉRMINO TÓPICO
Término tópico o elemento de entrada del nombre geográfico ARTISTAS PLASTICOS ESTADOUNIDENSES
650 14 - ENTRADA DE SUJETO AÑADIDO - TÉRMINO TÓPICO
Subdivisión general CATALOGOS
650 14 - ENTRADA DE SUJETO AÑADIDO - TÉRMINO TÓPICO
Término tópico o elemento de entrada del nombre geográfico NATURALEZA EN EL ARTE
650 14 - ENTRADA DE SUJETO AÑADIDO - TÉRMINO TÓPICO
Término tópico o elemento de entrada del nombre geográfico PINTORES ESTADOUNIDENSES
650 14 - ENTRADA DE SUJETO AÑADIDO - TÉRMINO TÓPICO
Término tópico o elemento de entrada del nombre geográfico PINTURA ESTADOUNIDENSE
700 1# - ENTRADA AGREGADA - NOMBRE PERSONAL
Nombre de la persona Boyle, Richard
Holdings
Estado de retirada Pérdida de estatus Estado dañado No para préstamo Código de recogida Ubicación permanente Ubicación actual Ubicación de las estanterías Fecha de adquisición Número de llamada completo Código de barras Fecha de la última vez que se vio Número de copia Precio efectivo desde Tipo de artículo Koha
        General ArtNexus ArtNexus General 06/09/2022 P-US-00 H64D 11129 06/09/2022 Ej.1 06/09/2022 Libro

Powered by Koha